000 00885nam a2200229 i 4500
001 186981
003 SpMaBN
005 20230906222805.0
008 170321s1987 sp d |||| | spa d
020 _a84-7719-056-9
080 _a519.816:658.012
100 1 _aMallo Fernández, Fernando.
_9162119
245 1 0 _aDecisión empresarial
_b: técnicas operativas y principios de racionalidad y coherencia /
_cFernando Mallo Fernández, Mª Jesús Mures Quintana, Carmen Huerga Castro.
260 _a[León] :
_bUniversidad de León, Servicio de Publicaciones,
_c[1987]
300 _a333 p. :
_bgráf. ;
_c21 cm.
504 _aBibliografía: p. 329-333.
650 7 _aEmpresas-
_xToma de decisiones.
_9162120
700 1 _aMures Quintana, María Jesús.
_9162121
700 1 _aHuerga Castro, Carmen.
_9162122
710 2 _aUniversidad de León.
_97200
852 _aES-MaACL
_jL-31299
999 _c186981
_d186981